书目信息 |
| 题名: |
少数民族节目
|
|
| 作者: | 季诚迁 编著 | |
| 分册: | ||
| 出版信息: | 北京 中国社会出版社 2006.09 |
|
| 页数: | 222页 | |
| 开本: | 21cm | |
| 丛书名: | 中国民俗文化丛书 | |
| 单 册: | ||
| 中图分类: | K892.1 | |
| 科图分类: | ||
| 主题词: | 风俗习惯 | |
| 电子资源: | ||
| ISBN: | 7-5087-1422-9 | |
| 000 | 00596 nam 000217 | |
| 001 | 012000000845 | |
| 005 | 20070902154011.72 | |
| 010 | @a7-5087-1422-9@dCNY12.00 | |
| 100 | @a20070714d2006 em y0chiy0121 ea | |
| 101 | @achi | |
| 105 | @ay z 000yy | |
| 200 | 10 | @a少数民族节目@9shao shu min zu jie mu@f季诚迁编著@Fji cheng qian bian zhu |
| 210 | @a北京@c中国社会出版社@d2006.09 | |
| 215 | @a222页@d21cm | |
| 225 | @a中国民俗文化丛书 | |
| 606 | @a风俗习惯 | |
| 690 | @aK892.1@v4 | |
| 701 | 0 | @a季诚迁@9ji cheng qian@4编著 |
| 801 | @aCN@c20070902 | |
| 901 | @a000001 | |
| 905 | @dK892.1@eJ169 | |
| 少数民族节目/季诚迁编著.-北京:中国社会出版社,2006.09 |
| 222页;21cm.-(中国民俗文化丛书) |
| ISBN 7-5087-1422-9:CNY12.00 |
| ● |
| 相关链接 |
|
|
|
正题名:少数民族节目
索取号:K892.1/J169
 
预约/预借
| 序号 | 登录号 | 条形码 | 馆藏地/架位号 | 状态 | 备注 |
| 1 | 642389 | 206423896 | 社科库309/309社科库 10排4列3层/ [索取号:K892.1/J169] | 在馆 | |
| 2 | 642390 | 206423903 | 社科库309/309社科库 10排4列3层/ [索取号:K892.1/J169] | 在馆 | |
| 3 | 642391 | 206423912 | 社科库309/309社科库 10排4列3层/ [索取号:K892.1/J169] | 在馆 |